Mirovaja ekonomika i meždunarodnyje otnošenija

Enregistré dans:
Détails bibliographiques
Format: Publication en série
Langue:russe
Publié: Moskva Russian Academy of Sciences 2017
Sujets:
Tags: Ajouter un tag
Pas de tags, Soyez le premier à ajouter un tag!

MARC

LEADER 00000nas2a2200000 4500
001 0282360
005 20220303143641.4
022 |a 0131-2227 
041 0 |a rus 
044 |a RU 
245 1 0 |a Mirovaja ekonomika i meždunarodnyje otnošenija 
264 1 |a Moskva  |b Russian Academy of Sciences  |c 2017 
773 0 |w eu_un_cat*s120187 
610 2 0 |a hospodárstvo svetové 
610 2 0 |a vzťahy hospodárske medzinárodné 
610 2 0 |a politika medzinárodná 
610 2 0 |a rozvoj hospodársky 
610 2 0 |a spolupráca medzinárodná